00357nam a2200133 a 450000500170000000800410001702000180005805000250007624500290010126000390013030000100016944000290017965000150020820140412111236.0010328s19uu xx 00 eng d a0-590-34883-3 aTR(GS 413bU84b 1988 aUsing the dictionary, B. aNew York :bScholastic Inc,c1988. a32 p. aA Scholastic Skills Book aDictionary